| 000 | 00831nam a2200277Ia 4500 | ||
|---|---|---|---|
| 003 | OSt | ||
| 005 | 20220912150427.0 | ||
| 006 | a|||||r|||| 00| 0 | ||
| 007 | ta | ||
| 008 | 220909b |||||||| |||| 00| 0 eng d | ||
| 024 | _a46773 | ||
| 037 | _cTextual | ||
| 040 |
_aCSL _beng _cCSL |
||
| 041 | _aeng | ||
| 082 | _aH:E:5p1:N79, M0 | ||
| 100 | _aDouglas A G Ed. | ||
| 111 | _aInternational meeting on organic chemistry 9th (1979 : England) | ||
| 245 | 0 | _aProceeding on advances in organic geochemistry | |
| 260 |
_aOxford _bPergamon Press _c1980 |
||
| 300 |
_axv, 784p. _ccm. |
||
| 490 | _aInternational series in earth sciences; 36 | ||
| 650 | _aGeochemistry | ||
| 700 | _a Maxwell J R Ed. | ||
| 942 |
_hH:E:5p1:N79, M0 _cTEXL _2CC |
||
| 999 |
_c47261 _d47261 |
||